[Event "Druzynowe Mistrzostwa Polski Juniorow - II Liga"]
[Site "Iwonicz"]
[Date "2016-07-31"]
[Round "8.27"]
[White "Kukula, Karol"]
[Black "Niedbala, Bartlomiej"]
[Result "1/2-1/2"]
[WhiteTitle "II"]
[BlackTitle "I"]
[WhiteElo "1550"]
[BlackElo "1626"]

1. e4 c6 2. d4 d5 3. Nc3 dxe4 4. Nxe4 Nd7 5. Nf3 Ngf6 6. Ng3 e6 7. Bd3 c5 8. O-O
cxd4 9. Nxd4 Be7 10. b3 Nc5 11. Bc4 O-O 12. Bb2 a6 13. a4 Qc7 14. Qe2 b6 15. Rfe1
a5 16. Ngf5 Nce4 17. Nxe7+ Qxe7 18. f3 Nc5 19. Rad1 Ne8 20. Nf5 Qg5 21. Nd6 Bd7
22. Nxe8 Rfxe8 23. Bd4 Bc6 24. Be3 Qe7 25. Bb5 Qb7 26. Rd6 Rec8 27. Bxc6 Rxc6
28. Red1 h6 29. Qf2 Rxd6 30. Rxd6 Qc7 31. Bxc5 bxc5 32. Qd2 c4 33. bxc4 Qxc4 34.
Rd8+ Rxd8 35. Qxd8+ Kh7 36. Qxa5 Qxc2 37. Qa8 Qd1+ 38. Kf2 Qd2+ 39. Kg3 Qg5+ 40.
Kf2 Qd2+ 41. Kg3 Qg5+ 1/2-1/2

[Event "Druzynowe Mistrzostwa Polski Juniorow - II Liga"]
[Site "Iwonicz"]
[Date "2016-07-31"]
[Round "8.28"]
[White "Lichorad, Mateusz"]
[Black "Szeliga, Sebastian"]
[Result "1-0"]
[WhiteTitle "II"]
[BlackTitle "II"]
[WhiteElo "1594"]
[BlackElo "1228"]

1. e4 c5 2. c4 Nc6 3. Nc3 g6 4. g3 Bg7 5. Bg2 e6 6. Nge2 Nge7 7. d3 d6 8. O-O O-O
9. h3 Rb8 10. Be3 Nd4 11. Rb1 a6 12. a3 Bd7 13. b4 b5 14. Qd2 Qc8 15. Rfc1 bxc4
16. dxc4 e5 17. h4 Bc6 18. Nd5 Nxd5 19. exd5 Bd7 20. Bxd4 exd4 21. Qd3 Re8 22.
Qd2 Bf5 23. Rb3 a5 24. b5 a4 25. Rb2 d3 26. Nc3 Qd8 27. Bf1 Qf6 28. Bxd3 Bxd3
29. Qxd3 Rb7 30. Re2 Ra8 31. Ne4 Qf5 32. Rce1 Be5 33. Nxc5 dxc5 34. Qxf5 gxf5
35. Rxe5 Kg7 36. Kg2 Kg6 37. Kf3 Rb6 38. Kf4 Rf6 39. h5+ Kg7 40. Rxf5 Rd6 41.
Re7 Rf8 42. g4 h6 43. g5 hxg5+ 44. Kxg5 Rh6 45. Rfxf7+ Rxf7 46. Rxf7+ Kxf7 47.
Kxh6 1-0

[Event "Druzynowe Mistrzostwa Polski Juniorow - II Liga"]
[Site "Iwonicz"]
[Date "2016-07-31"]
[Round "8.29"]
[White "Wojcik, Jagoda"]
[Black "Kotula, Magdalena"]
[Result "1-0"]
[WhiteTitle "I+"]
[BlackTitle "I+"]
[WhiteElo "1609"]
[BlackElo "1567"]

1. e4 c5 2. Nf3 Nc6 3. Bb5 g6 4. O-O Bg7 5. c3 Nf6 6. e5 Nd5 7. d4 cxd4 8. cxd4
O-O 9. Nc3 Nc7 10. Bg5 Nxb5 11. Nxb5 Qb6 12. Qb3 a6 13. Nc3 Qxb3 14. axb3 h6 15.
Be3 b5 16. Nd5 Ra7 17. Rfc1 Re8 18. Nf4 Ra8 19. e6 g5 20. Nd5 Ra7 21. Nb6 fxe6
22. d5 Bxb2 23. Nxc8 Rxc8 24. Bxa7 exd5 25. Bd4 Bxa1 26. Bxa1 Rf8 27. Ne5 Nxe5
28. Bxe5 Rf5 29. Bb2 Rf4 30. Ba3 Kf7 31. Kf1 Rd4 32. Ke2 e5 33. f3 Ke6 34. g3
h5 35. Bc5 1-0

[Event "Druzynowe Mistrzostwa Polski Juniorow - II Liga"]
[Site "Iwonicz"]
[Date "2016-07-31"]
[Round "8.30"]
[White "Hertlein, Irena"]
[Black "Pisarek, Elzbieta"]
[Result "1/2-1/2"]
[WhiteTitle "I"]
[BlackTitle "I"]
[WhiteElo "1488"]
[BlackElo "1351"]

1. d4 Nf6 2. Nf3 e6 3. c4 Bb4+ 4. Bd2 Qe7 5. g3 b6 6. Bg2 Bb7 7. O-O O-O 8. Qb3
Bxd2 9. Nbxd2 Nc6 10. Rfe1 d5 11. cxd5 Nxd5 12. e4 Nf6 13. a3 Qd7 14. Qc3 Rfd8
15. Nb3 Rac8 16. Rad1 Ne7 17. Ne5 Qe8 18. Qc2 Nc6 19. Nc4 Qf8 20. Bh3 Rb8 21.
Bg2 Rbc8 22. Bh3 Rb8 23. Bg2 Rbc8 24. d5 exd5 25. exd5 Nb8 26. Bh3 Nbd7 27. Ne3
g6 28. Qc3 Qg7 29. Re2 Kf8 30. Qb4+ Kg8 31. Qc3 Kf8 32. Qb4+ Kg8 33. Qc3 Kh8 34.
Ree1 1/2-1/2

[Event "Druzynowe Mistrzostwa Polski Juniorow - II Liga"]
[Site "Iwonicz"]
[Date "2016-07-31"]
[Round "8.31"]
[White "Klepek, Witold"]
[Black "Wisniewski, Jacek"]
[Result "1-0"]
[WhiteTitle "k"]
[BlackTitle "k"]
[WhiteElo "2139"]
[BlackElo "1989"]

1. e4 e5 2. Nf3 Nf6 3. Bc4 Nxe4 4. Nc3 Nxc3 5. dxc3 f6 6. Nh4 g6 7. f4 d6 8. f5
d5 9. Bxd5 c6 10. Bf7+ Ke7 11. Qxd8+ Kxd8 12. fxg6 Bg7 13. Be3 Kc7 14. O-O-O Bg4
15. Rdf1 Nd7 16. h3 Be2 17. Rf2 Ba6 18. Nf5 hxg6 19. Nxg7 Rh7 20. Ne6+ Kd6 21.
Rd1+ Ke7 22. Bxg6 Rhh8 23. Nc5 1-0

[Event "Druzynowe Mistrzostwa Polski Juniorow - II Liga"]
[Site "Iwonicz"]
[Date "2016-07-31"]
[Round "8.32"]
[White "Maminski, Hubert"]
[Black "Piela, Dominik"]
[Result "1-0"]
[WhiteTitle "I"]
[BlackTitle "I"]
[WhiteElo "1801"]
[BlackElo "1656"]

1. d4 d5 2. c4 Nc6 3. Nc3 Nf6 4. e3 dxc4 5. Bxc4 e5 6. d5 Ne7 7. Qb3 Nf5 8. Bb5+
Nd7 9. Nf3 f6 10. O-O a6 11. Bxd7+ Qxd7 12. e4 Nd6 13. Be3 Qg4 14. Nd2 g5 15.
f3 Qd7 16. Rac1 h5 17. Na4 b6 18. Rc2 Nb5 19. Nc4 Nd4 20. Bxd4 exd4 21. Ncxb6
cxb6 22. Nxb6 Qb7 23. Nxa8 Qxa8 24. Qa4+ Bd7 25. Qxd4 Qb8 26. Qxf6 Rh6 27. Qxg5
Bh3 28. gxh3 Qb6+ 29. Kh1 Rg6 30. Qe5+ Be7 31. Rc7 1-0

[Event "Druzynowe Mistrzostwa Polski Juniorow - II Liga"]
[Site "Iwonicz"]
[Date "2016-07-31"]
[Round "8.33"]
[White "Kozubek, Krystian"]
[Black "Golecki, Jan"]
[Result "0-1"]
[WhiteTitle "II"]
[BlackTitle "I+"]
[WhiteElo "1136"]
[BlackElo "1758"]

1. e4 c5 2. c3 d5 3. exd5 Qxd5 4. d4 Nc6 5. Nf3 Bf5 6. Be3 Nf6 7. Nbd2 cxd4 8.
Bc4 Qd8 9. Nxd4 Nxd4 10. Bxd4 e6 11. O-O Bd6 12. Qa4+ Nd7 13. Bb5 a6 14. Nc4 Bc7
15. Bxd7+ Qxd7 16. Qxd7+ Kxd7 17. Ne3 Be4 18. f3 Bc6 19. Bxg7 Rhg8 20. Bd4 e5
21. Bc5 b6 22. Ba3 Ke6 23. g3 f5 24. Ng2 Rad8 25. Rf2 Rd3 26. Ne1 Re3 27. c4 f4
28. Kg2 fxg3 29. hxg3 e4 30. fxe4 Bxe4+ 31. Kf1 Bxg3 32. Re2 Rxe2 33. Kxe2 h5
34. Nf3 h4 35. Rh1 Kf5 36. Rg1 h3 37. b4 Bxf3+ 38. Kxf3 h2 39. Rh1 Be5 40. Kf2
Rg1 41. Rxg1 Bd4+ 42. Ke2 hxg1=Q 0-1

[Event "Druzynowe Mistrzostwa Polski Juniorow - II Liga"]
[Site "Iwonicz"]
[Date "2016-07-31"]
[Round "8.34"]
[White "Redzisz, Michal"]
[Black "Gradalski, Olaf"]
[Result "1-0"]
[WhiteTitle "II"]
[BlackTitle "II"]
[WhiteElo "1756"]
[BlackElo "1144"]

1. e4 d5 2. exd5 Qxd5 3. Nc3 Qd6 4. d4 Nf6 5. Nf3 a6 6. g3 Bg4 7. Bg2 Nc6 8. O-O
O-O-O 9. d5 Nb4 10. h3 Bh5 11. Bf4 Qc5 12. Be3 Qd6 13. Qe2 Nbxd5 14. Nxd5 Nxd5
15. Rfd1 e6 16. c4 h6 17. cxd5 exd5 18. Rac1 Re8 19. Qd3 g5 20. Qxd5 Rg8 21. Qxd6
Bxd6 22. Rxd6 g4 23. hxg4 Bxg4 24. Rxh6 1-0

[Event "Druzynowe Mistrzostwa Polski Juniorow - II Liga"]
[Site "Iwonicz"]
[Date "2016-07-31"]
[Round "8.35"]
[White "Gredka, Dominika"]
[Black "Kozaczynska, Aleksandra"]
[Result "1/2-1/2"]
[WhiteTitle "I++"]
[BlackTitle "I++"]
[WhiteElo "1687"]
[BlackElo "1683"]

1. e4 c5 2. c3 d5 3. exd5 Qxd5 4. d4 Nc6 5. Nf3 Bf5 6. Na3 O-O-O 7. Be3 e6 8. c4
Qd7 9. dxc5 Qxd1+ 10. Rxd1 Rxd1+ 11. Kxd1 Nf6 12. Nd2 Ng4 13. Nb3 Nxe3+ 14. fxe3
Nb4 15. Kd2 Be7 16. Nb5 Rd8+ 17. Ke2 a6 18. N5d4 Bd3+ 19. Kf2 e5 20. a3 Bxf1 21.
Rxf1 Nd3+ 22. Ke2 Nxc5 23. Nxc5 exd4 24. Nd3 f6 25. e4 Bd6 26. g3 Re8 27. Kf3
Kd7 28. b4 Kc6 29. c5 Bf8 30. a4 b6 31. Rc1 b5 32. Ra1 bxa4 33. Rxa4 Kb5 34. Ra5+
Kc4 35. Ke2 Rxe4+ 36. Kd2 Re3 37. Ra3 a5 38. bxa5 Bxc5 39. Ra4+ Kb5 40. Nxc5 Kxc5
41. a6 Re8 42. a7 Ra8 43. Kd3 Kb5 44. Ra2 Kc5 45. Rc2+ Kb6 46. Ke4 1/2-1/2

[Event "Druzynowe Mistrzostwa Polski Juniorow - II Liga"]
[Site "Iwonicz"]
[Date "2016-07-31"]
[Round "8.36"]
[White "Zyznowska, Marianna"]
[Black "Orlik, Sandra"]
[Result "0-1"]
[WhiteTitle "II+"]
[BlackTitle "I"]
[WhiteElo "1122"]
[BlackElo "1519"]

1. d4 d5 2. c4 dxc4 3. e3 e6 4. Bxc4 Nf6 5. Nf3 c5 6. O-O a6 7. a4 Qc7 8. b3 Nc6
9. Bb2 cxd4 10. exd4 Bd6 11. Re1 O-O 12. Ne5 Rd8 13. Qf3 Bb4 14. Rd1 Nd5 15. Nxc6
bxc6 16. Nc3 Bb7 17. Nxd5 cxd5 18. Bd3 Rac8 19. Rac1 Qe7 20. Rxc8 Rxc8 21. Qh3
g6 22. Qe3 Bc3 23. Qe2 Bxb2 24. Qxb2 Qb4 25. Rb1 Rc3 26. Be2 Qxd4 27. Rd1 Qb4
28. Rd3 Rxd3 29. Bxd3 Qe1+ 30. Bf1 a5 31. Qd4 Ba6 32. h3 Bxf1 33. Kh2 Qe4 34.
Qd1 Qxg2# 0-1

[Event "Druzynowe Mistrzostwa Polski Juniorow - II Liga"]
[Site "Iwonicz"]
[Date "2016-07-31"]
[Round "8.37"]
[White "Golenia, Wojciech"]
[Black "Pyka, Slawomir"]
[Result "1-0"]
[WhiteTitle "I+"]
[BlackTitle "I"]
[WhiteElo "1967"]
[BlackElo "1620"]

1. e4 c6 2. d4 d5 3. Nc3 dxe4 4. Nxe4 Bf5 5. Ng3 Bg6 6. h4 h6 7. Nf3 Nd7 8. h5
Bh7 9. Bd3 Bxd3 10. Qxd3 Qc7 11. Bd2 Ngf6 12. O-O-O e6 13. Qe2 O-O-O 14. Ne5 Nxe5
15. dxe5 Nd7 16. f4 Be7 17. Ne4 Nc5 18. g4 Nxe4 19. Qxe4 Bc5 20. Bc3 Rxd1+ 21.
Rxd1 Rd8 22. Rf1 Qb6 23. a3 Bd4 24. Bxd4 Qxd4 25. Qf3 Qd5 26. Qxd5 Rxd5 27. Rd1
Rxd1+ 28. Kxd1 Kd7 29. Ke2 Ke7 30. g5 Kf8 31. Ke3 Kg8 32. Kd4 b6 33. b4 Kh7 34.
a4 g6 35. hxg6+ fxg6 36. gxh6 Kxh6 37. c4 Kh5 38. c5 bxc5+ 39. Kxc5 Kg4 40. Kd6
Kxf4 41. Kxe6 g5 42. Kd6 g4 43. e6 g3 44. e7 g2 45. e8=Q g1=Q 46. Qe5+ Kf3 47.
Qf5+ Ke2 48. Qc2+ Kf3 49. Qxc6+ Ke2 50. Qc2+ Kf3 51. Qb3+ Ke4 52. Qe6+ Kd3 53.
Qd5+ Ke2 54. a5 Qb1 55. Qc4+ Kf3 56. Kc7 Qh7+ 57. Kb8 Qd7 58. Qc7 1-0

[Event "Druzynowe Mistrzostwa Polski Juniorow - II Liga"]
[Site "Iwonicz"]
[Date "2016-07-31"]
[Round "8.39"]
[White "Gawor, Jan Pawel"]
[Black "Gozdzicki, Maciej"]
[Result "1/2-1/2"]
[WhiteTitle "II"]
[BlackTitle "II"]
[WhiteElo "1647"]
[BlackElo "1514"]

1. e4 c5 2. Nf3 e6 3. d4 cxd4 4. Nxd4 a6 5. Nc3 b5 6. Bd3 Bb7 7. O-O Qc7 8. Re1
Nc6 9. Nxc6 Bxc6 10. a4 b4 11. Nd5 Bxd5 12. exd5 Nf6 13. Qf3 Qc8 14. Bd2 Be7 15.
c4 O-O 16. Qg3 Ne8 17. b3 a5 18. Qh3 g6 19. Bh6 Ng7 20. Qf3 Qd8 21. Qg3 Bf6 22.
Rad1 Bc3 23. Re2 Nh5 24. Qe3 Bg7 25. Bg5 Bf6 26. Bh6 Bg7 27. Bg5 Bf6 28. Bh6 Bg7
29. Bg5 Bf6 30. Bh6 Bg7 31. Bf4 Nxf4 32. Qxf4 Qf6 33. Qxf6 Bxf6 1/2-1/2

[Event "Druzynowe Mistrzostwa Polski Juniorow - II Liga"]
[Site "Iwonicz"]
[Date "2016-07-31"]
[Round "8.40"]
[White "Majdanski, Maksymilian"]
[Black "Krawczyk, Wojciech"]
[Result "1/2-1/2"]
[WhiteTitle "II"]
[BlackTitle "II+"]
[WhiteElo "1515"]
[BlackElo "1476"]

1. c4 Nf6 2. Nc3 g6 3. g3 Bg7 4. Bg2 d6 5. e3 e5 6. Nge2 O-O 7. O-O c6 8. d4 Be6
9. b3 exd4 10. Nxd4 d5 11. Nxe6 fxe6 12. Bb2 Nbd7 13. cxd5 exd5 14. Qc2 Rf7 15.
Rad1 Qe7 16. Rd2 Raf8 17. Qc1 Re8 18. Ba3 Qd8 19. b4 Bh6 20. Re1 Nb6 21. b5 Nc4
22. Rd4 Qb6 23. bxc6 bxc6 24. Rd3 Ng4 25. Nd1 Bg7 26. h3 Qa5 27. Re2 Nge5 28.
Rb3 Qa6 29. Rc2 Rb7 30. Rxb7 Qxb7 31. Bf1 Nf3+ 32. Kh1 Qd7 33. Be2 1/2-1/2

[Event "Druzynowe Mistrzostwa Polski Juniorow - II Liga"]
[Site "Iwonicz"]
[Date "2016-07-31"]
[Round "8.41"]
[White "Debowska, Michalina"]
[Black "Krzywnicka, Maria"]
[Result "1/2-1/2"]
[WhiteTitle "II+"]
[BlackTitle "I+"]
[WhiteElo "1432"]
[BlackElo "1685"]

1. e4 c5 2. Nf3 d6 3. d4 cxd4 4. Nxd4 Nf6 5. Nc3 a6 6. Be2 e5 7. Nb3 Be6 8. O-O
Be7 9. Kh1 O-O 10. Be3 b5 11. f3 Qc7 12. a4 b4 13. Nd5 Bxd5 14. exd5 a5 15. Qd2
Nbd7 16. Rac1 Nb6 17. Bxb6 Qxb6 18. Bb5 Bd8 19. c4 Ra7 20. Rce1 Nd7 21. Qe3 Qxe3
22. Rxe3 Bb6 23. Re2 f5 24. g3 Nc5 25. Nxc5 Bxc5 26. b3 g5 27. Kg2 Rg7 28. Kh1
Kh8 29. h3 h5 30. Kh2 Rfg8 31. Rg2 f4 32. g4 hxg4 33. Rxg4 Rh7 34. Kg2 Rg6 35.
Rh1 Rg8 36. Re1 Rh4 37. Bd7 Rxg4+ 38. Bxg4 Kg7 39. Be6 Rh8 40. Bg4 Kf6 41. Re2
Be3 42. Rc2 Re8 43. Be6 Re7 44. Re2 Kg6 45. Rc2 Kh5 46. Bf5 Rf7 47. Bg4+ 1/2-1/2

[Event "Druzynowe Mistrzostwa Polski Juniorow - II Liga"]
[Site "Iwonicz"]
[Date "2016-07-31"]
[Round "8.42"]
[White "Partyka, Justyna"]
[Black "Budkiewicz, Magdalena"]
[Result "0-1"]
[WhiteTitle "II"]
[BlackTitle "I"]
[WhiteElo "1150"]
[BlackElo "1651"]

1. d4 f5 2. Bg5 Nf6 3. Bxf6 exf6 4. c4 g6 5. e3 Bg7 6. Nf3 O-O 7. Bd3 d6 8. O-O
Nc6 9. Nc3 Nb4 10. Rc1 Nxd3 11. Qxd3 Be6 12. Nd5 c6 13. Nf4 Bf7 14. d5 c5 15.
a3 Qe7 16. b4 b6 17. Rb1 Rab8 18. Rfd1 Qe4 19. Ne6 Bxe6 20. dxe6 Qxe6 21. Qd5
Qxd5 22. Rxd5 Rfd8 23. Nd2 Kf7 24. Rd1 Bh6 25. Nb3 Ke7 26. b5 a6 27. a4 axb5 28.
axb5 Ra8 29. Ra1 Rxa1+ 30. Nxa1 Ra8 31. Nb3 Ra4 32. Nd2 Ra1+ 33. Nf1 Rc1 34. Rd2
Rxc4 35. Ra2 Rb4 36. Ra7+ Ke6 37. Rxh7 Bf8 38. Rh8 Bg7 39. Re8+ Kf7 40. Rd8 Bf8
41. f4 Rxb5 42. Nd2 Rb4 43. Kf1 c4 44. Rc8 b5 45. Ke1 d5 46. Kd1 Ra4 47. Nb1 b4
48. g3 Ra2 0-1

[Event "Druzynowe Mistrzostwa Polski Juniorow - II Liga"]
[Site "Iwonicz"]
[Date "2016-07-31"]
[Round "8.43"]
[White "Domanski, Lukasz"]
[Black "Hladun, Bartlomiej"]
[Result "1-0"]
[WhiteTitle "I++"]
[BlackTitle "II"]
[WhiteElo "2001"]
[BlackElo "1469"]

1. e4 c6 2. c4 d5 3. exd5 cxd5 4. cxd5 Nf6 5. Nc3 g6 6. Bc4 Bg7 7. d4 O-O 8. Bg5
Nbd7 9. Nf3 Nb6 10. Bb3 Nfxd5 11. O-O Bf5 12. Re1 Re8 13. Ne5 f6 14. Nc4 Nxc4
15. Bxc4 fxg5 16. Bxd5+ e6 17. Bxb7 Rb8 18. Bc6 Rf8 19. g4 Rxb2 20. gxf5 Qb6 21.
Na4 Qxc6 22. Nxb2 Rxf5 23. Rc1 Qb7 24. Nc4 Rf4 25. Ne5 h5 26. Re3 Kh7 27. Qc2
Bxe5 28. dxe5 Kh6 29. Qc8 Qxc8 30. Rxc8 h4 31. Ra3 g4 32. Rxa7 Rd4 33. Rc1 Rd2
34. Ra1 Kg5 35. a4 Kf4 36. a5 g3 37. Rf7+ Kg4 38. hxg3 hxg3 39. fxg3 Kxg3 40.
a6 Rg2+ 41. Kf1 Rh2 42. Ke1 Rh5 43. a7 Rxe5+ 44. Kf1 Rh5 45. a8=Q 1-0

[Event "Druzynowe Mistrzostwa Polski Juniorow - II Liga"]
[Site "Iwonicz"]
[Date "2016-07-31"]
[Round "8.44"]
[White "Pawletko, Szymon"]
[Black "Norek, Bartosz"]
[Result "1/2-1/2"]
[WhiteTitle "II+"]
[BlackTitle "II+"]
[WhiteElo "1543"]
[BlackElo "1686"]

1. e4 c5 2. Nf3 d6 3. d4 cxd4 4. Qxd4 a6 5. Be3 Nc6 6. Qd2 Nf6 7. Nc3 e6 8. O-O-O
Be7 9. Bf4 e5 10. Bg5 Bg4 11. Be2 Bxf3 12. gxf3 O-O 13. Bxf6 Bxf6 14. Qxd6 Nd4
15. Qxd8 Rfxd8 16. Rhe1 Rac8 17. Kb1 Bh4 18. Rf1 b5 19. a3 Kf8 20. Rd3 Rxc3 21.
bxc3 Nxe2 22. Kb2 Rxd3 23. cxd3 Nf4 24. Kc2 Ke7 25. a4 Kd6 26. axb5 axb5 27. Kd2
Kc5 28. Ke3 Bg5 29. Kd2 b4 30. cxb4+ Kxb4 31. Rb1+ Kc5 32. Rc1+ Kd6 33. Ra1 Ke7
34. Ra7+ Kf6 35. Ra6+ Ne6+ 36. Ke2 Bf4 37. h3 Kg5 38. Kf1 Bd2 39. Ra7 f6 40. Re7
Nf4 41. Rxg7+ Kh6 42. Rg4 Bc3 43. Rg1 Nxd3 44. Kg2 Bd4 45. Rf1 Kg5 46. Kg3 Bxf2+
47. Rxf2 Nxf2 48. Kxf2 Kf4 49. h4 h5 50. Kg2 Ke3 51. Kg3 Kd4 52. Kg2 Kd3 53. Kh3
Kc2 54. Kg2 Kb3 1/2-1/2

[Event "Druzynowe Mistrzostwa Polski Juniorow - II Liga"]
[Site "Iwonicz"]
[Date "2016-07-31"]
[Round "8.45"]
[White "Norek, Maciej"]
[Black "Mackowiak, Filip"]
[Result "1/2-1/2"]
[WhiteTitle "II"]
[BlackTitle "II+"]
[WhiteElo "1200"]
[BlackElo "1428"]

1. e4 e6 2. Qe2 Ne7 3. Nf3 d5 4. d3 dxe4 5. dxe4 Ng6 6. g3 e5 7. Bg2 Bb4+ 8. c3
Ba5 9. O-O O-O 10. Rd1 Qe7 11. b3 Rd8 12. Rxd8+ Qxd8 13. Bb2 Nc6 14. Nbd2 Be6
15. Rd1 Qe7 16. Nf1 Rd8 17. Rxd8+ Qxd8 18. Ne3 f6 19. Nd2 Bb6 20. Ndc4 Bc5 21.
h4 b5 22. Nd2 b4 23. cxb4 Bxb4 24. Ndc4 Nd4 25. Bxd4 Qxd4 26. Nc2 Bxc4 27. Nxd4
Bxe2 28. Nxe2 Kf7 29. Nc1 Nf8 30. Kf1 Ne6 31. Ke2 Nc5 32. Nd3 Nxd3 33. Kxd3 Ke6
34. g4 h6 35. h5 Kd6 36. Kc4 a5 37. f3 Kc6 38. Bf1 Kd6 39. Bg2 1/2-1/2

[Event "Druzynowe Mistrzostwa Polski Juniorow - II Liga"]
[Site "Iwonicz"]
[Date "2016-07-31"]
[Round "8.46"]
[White "Sulima, Franciszek"]
[Black "Wielgus, Wojciech"]
[Result "0-1"]
[WhiteTitle "II"]
[BlackTitle "II"]
[WhiteElo "1215"]
[BlackElo "1118"]

1. e4 e5 2. Nf3 Nc6 3. d4 exd4 4. Bc4 Nf6 5. e5 d5 6. Bb5 Ne4 7. Nxd4 Bd7 8. Bxc6
bxc6 9. O-O Bc5 10. Be3 O-O 11. f3 Ng5 12. f4 Ne4 13. Nd2 Nxd2 14. Qxd2 f6 15.
Nb3 Bb6 16. Bc5 Re8 17. Rae1 Qe7 18. Bxb6 axb6 19. e6 Bc8 20. a3 Bb7 21. f5 c5
22. c3 Rad8 23. Qf2 Ba6 24. Rd1 Bxf1 25. Qxf1 Qd6 26. Qb5 Qe5 27. Qd3 c4 28. Qd4
cxb3 29. Qg4 h5 30. Qxh5 Rxe6 31. Qg4 Qe2 32. Qd4 Qe3+ 0-1

[Event "Druzynowe Mistrzostwa Polski Juniorow - II Liga"]
[Site "Iwonicz"]
[Date "2016-07-31"]
[Round "8.47"]
[White "Hryn, Zofia"]
[Black "Filipska, Maja"]
[Result "0-1"]
[WhiteTitle "I"]
[BlackTitle "I+"]
[WhiteElo "1531"]
[BlackElo "1406"]

1. c4 e5 2. Nc3 Nf6 3. Nf3 Nc6 4. g3 d5 5. cxd5 Nxd5 6. Bg2 Be6 7. O-O Be7 8. d4
Nxc3 9. bxc3 exd4 10. Nxd4 Nxd4 11. Qxd4 Qxd4 12. cxd4 O-O-O 13. e3 Bd5 14. Bh3+
Kb8 15. Bd2 h5 16. Bc3 Rh6 17. Bg2 Bxg2 18. Kxg2 Rc6 19. Bd2 Rc2 20. Rfd1 c5 21.
Be1 cxd4 22. Rxd4 Rxd4 23. exd4 Bf6 24. Rd1 Rxa2 25. d5 Kc7 26. Bd2 Be5 27. Re1
Rxd2 28. Rxe5 Kd6 29. Rxh5 Rxd5 30. Rh7 a5 31. Rxg7 Ke7 32. Rg4 b5 33. Re4+ Kf8
34. Re3 b4 35. Rb3 Rb5 36. h4 a4 37. Rb1 b3 0-1

[Event "Druzynowe Mistrzostwa Polski Juniorow - II Liga"]
[Site "Iwonicz"]
[Date "2016-07-31"]
[Round "8.49"]
[White "Krawiec, Grzegorz"]
[Black "Szydelko, Michal"]
[Result "0-1"]
[WhiteTitle "I"]
[BlackTitle "I"]
[WhiteElo "1791"]
[BlackElo "1622"]

1. e4 e5 2. Nf3 Nf6 3. d4 Nxe4 4. Bd3 d5 5. dxe5 Nc5 6. Be2 Be7 7. O-O O-O 8. Be3
c6 9. c4 dxc4 10. Bxc4 Qxd1 11. Rxd1 Bg4 12. Nc3 Nba6 13. a3 b5 14. Ba2 Rfd8 15.
b4 Ne6 16. h3 Bxf3 17. gxf3 Nac7 18. Rxd8+ Rxd8 19. Rd1 Rxd1+ 20. Nxd1 a5 21.
bxa5 Bxa3 22. Bb6 Na6 23. Bxe6 fxe6 24. Kf1 Kf7 25. Ke2 Ke7 26. Nc3 Bb2 27. Bd4
c5 28. Nd5+ exd5 29. Bxb2 b4 30. Kd3 Ke6 31. f4 g6 32. f3 Nc7 33. Kc2 Nb5 34.
Kb3 Nc7 35. Bc1 Kd7 36. Be3 Kc6 37. Ka4 Ne6 38. Bc1 d4 39. h4 h5 40. Bd2 Nc7 41.
Bc1 Nd5 42. Bd2 d3 43. a6 Kb6 44. Kb3 Nc7 45. Kc4 Nxa6 46. Kxd3 Kb5 47. e6 Nc7
48. e7 c4+ 49. Kd4 c3 50. Bc1 Ne8 51. Kd5 b3 52. Kd4 b2 0-1

[Event "Druzynowe Mistrzostwa Polski Juniorow - II Liga"]
[Site "Iwonicz"]
[Date "2016-07-31"]
[Round "8.50"]
[White "Sypien, Natan"]
[Black "Karykowska, Anna"]
[Result "1/2-1/2"]
[WhiteTitle "II"]
[BlackTitle "I++"]
[WhiteElo "1461"]
[BlackElo "1818"]

1. d4 f5 2. Nf3 Nf6 3. c4 g6 4. Nc3 Bg7 5. g3 O-O 6. Bg2 d6 7. O-O c6 8. Bf4 Na6
9. Re1 h6 10. e4 fxe4 11. Nxe4 Nxe4 12. Rxe4 Bf5 13. Re1 g5 14. Be3 Nb4 15. Re2
Bd3 16. Rd2 Bxc4 17. Qa4 a5 18. a3 b5 19. Qd1 Na6 20. Ne1 Rc8 21. Rc1 Qe8 22.
d5 Bxd5 23. Bxd5+ cxd5 24. Rxd5 Rxc1 25. Qxc1 Qd7 26. Qd2 a4 27. Qe2 Nc7 28. Rd1
e6 29. Bd4 Bxd4 30. Rxd4 d5 31. Nf3 Qg7 32. Rd2 e5 33. Rc2 e4 34. Ne1 Qf7 35.
Rd2 Re8 36. Nc2 Qf3 37. Nd4 Qxe2 38. Rxe2 Rb8 39. Rc2 Ne8 40. Rc5 1/2-1/2

[Event "Druzynowe Mistrzostwa Polski Juniorow - II Liga"]
[Site "Iwonicz"]
[Date "2016-07-31"]
[Round "8.51"]
[White "Fiedorek, Michal"]
[Black "Majocha, Piotr"]
[Result "1/2-1/2"]
[WhiteTitle "I"]
[BlackTitle "I"]
[WhiteElo "1756"]
[BlackElo "1751"]

1. e4 e6 2. d4 d5 3. exd5 exd5 4. c4 Nf6 5. Nc3 Be7 6. Nf3 O-O 7. Be2 dxc4 8. Bxc4
Bg4 9. Be3 Nbd7 10. Bd3 c6 11. h3 Bh5 12. g4 Bg6 13. Nh4 Bxd3 14. Qxd3 Nd5 15.
Nxd5 Bxh4 16. Nf4 Bg5 17. O-O-O Bxf4 18. Bxf4 Nb6 19. Be5 Qd5 20. Kb1 Nc4 21.
Rhe1 Rfe8 22. Bg3 Nd6 23. Re5 Rxe5 24. dxe5 Qxd3+ 25. Rxd3 Ne4 26. Kc2 Nxg3 27.
Rxg3 Kf8 28. Rd3 Ke7 29. Kc3 Ke6 30. f4 g6 31. Kc4 Ke7 32. Rd6 Rd8 33. Rxd8 Kxd8
34. Kc5 Kd7 35. f5 b6+ 36. Kd4 Ke7 37. b4 h6 38. a4 g5 39. a5 Kd7 40. Kc4 Ke7
41. Kd4 Kd7 42. Kc4 Ke7 43. Kd4 Kd7 44. Kc4 1/2-1/2

[Event "Druzynowe Mistrzostwa Polski Juniorow - II Liga"]
[Site "Iwonicz"]
[Date "2016-07-31"]
[Round "8.52"]
[White "Szuber, Dawid"]
[Black "Lewandowski, Wiktor"]
[Result "1/2-1/2"]
[WhiteTitle "II"]
[BlackTitle "II"]
[WhiteElo "1268"]
[BlackElo "1406"]

1. e4 c5 2. c3 d5 3. exd5 Qxd5 4. d4 Nc6 5. Nf3 e5 6. dxe5 Qxd1+ 7. Kxd1 Bg4 8.
Bf4 Nge7 9. Be2 Ng6 10. Bg3 O-O-O 11. Kc2 Bxf3 12. Bxf3 Ncxe5 13. Be4 Bd6 14.
Nd2 Ne7 15. Rhe1 N5g6 16. Bxd6 Rxd6 17. Nc4 Rd7 18. g3 Rhd8 19. Rad1 Rxd1 20.
Rxd1 Rxd1 21. Kxd1 Kc7 22. Kd2 h6 23. Kd3 b5 24. Ne3 Ne5+ 25. Kd2 Kd6 26. f4 Nd7
27. b3 Nf6 28. Bf3 Nd7 29. Kd3 a5 30. a4 bxa4 31. bxa4 Kc7 32. Nc4 Nb6 1/2-1/2

[Event "Druzynowe Mistrzostwa Polski Juniorow - II Liga"]
[Site "Iwonicz"]
[Date "2016-07-31"]
[Round "8.53"]
[White "Maciak, Gabriela"]
[Black "Fajt, Patrycja"]
[Result "1-0"]
[WhiteTitle "I"]
[BlackTitle "II"]
[WhiteElo "1492"]
[BlackElo "1069"]

1. e4 e5 2. Nf3 Nf6 3. Nc3 Bb4 4. d3 Bxc3+ 5. bxc3 d6 6. Be2 O-O 7. O-O Bg4 8.
Bg5 Nbd7 9. h3 Bh5 10. Re1 h6 11. Bh4 Bxf3 12. Bxf3 c5 13. d4 Qc7 14. d5 Qa5 15.
Qd3 a6 16. c4 Rfb8 17. a4 Kf8 18. Reb1 Ne8 19. Bg4 Ndf6 20. Be2 Qc7 21. Bg3 Qe7
22. c3 Nd7 23. f4 g6 24. Qe3 Kg7 25. Bh2 Nef6 26. Bf3 Nh7 27. g4 g5 28. f5 Nhf6
29. Bg3 Nf8 30. Qf2 N8h7 31. Kg2 Rh8 32. Rb6 Ra7 33. Qe2 Nd7 34. Rb2 Ndf6 35.
Rh1 Nd7 36. Bf2 f6 37. Be3 Ndf8 38. Qd2 Nd7 39. Qc2 Rb8 40. Qd2 Rh8 41. Bd1 Qd8
42. Bc2 Qe7 43. Rhb1 Rb8 44. h4 Qd8 45. hxg5 Nxg5 46. Bxg5 hxg5 47. Rh1 Qe7 48.
Rbb1 Rh8 49. Kg3 Rxh1 50. Rxh1 Ra8 51. Qh2 Rg8 52. Qh6+ Kf7 53. a5 Qf8 54. Qh7+
Rg7 55. Qh5+ Ke7 56. Ba4 Qf7 57. Rb1 Qxh5 58. gxh5 Kf8 59. Rxb7 1-0

[Event "Druzynowe Mistrzostwa Polski Juniorow - II Liga"]
[Site "Iwonicz"]
[Date "2016-07-31"]
[Round "8.54"]
[White "Wasala, Wiktoria"]
[Black "Lascar, Maria Elena"]
[Result "0-1"]
[WhiteTitle "I"]
[BlackTitle "I+"]
[WhiteElo "1365"]
[BlackElo "1475"]

1. e4 c5 2. c3 d5 3. exd5 Qxd5 4. d4 Nc6 5. Nf3 e5 6. dxe5 Qxd1+ 7. Kxd1 Bg4 8.
Bf4 Nge7 9. Nbd2 Ng6 10. h3 Bxf3+ 11. Nxf3 Nxf4 12. Kc2 Be7 13. g3 Ng6 14. Bb5
O-O 15. Rhe1 Rac8 16. h4 Rfd8 17. e6 f6 18. h5 Nf8 19. Nh4 g6 20. hxg6 hxg6 21.
f4 f5 22. Bc4 Kg7 23. Nf3 a6 24. Rad1 Rxd1 25. Rxd1 Rd8 26. Bd5 Rd6 27. c4 Nxe6
28. Kb1 Kf6 29. Re1 Nc7 30. Bxc6 Rxc6 31. Ne5 Re6 32. Nd7+ Kg7 33. Ne5 Bd6 34.
Kc2 Bxe5 35. fxe5 g5 36. Kc3 Kg6 37. b3 Re7 38. b4 b6 39. a4 a5 40. b5 Ne6 41.
Kd2 Nd4 42. Re3 f4 43. gxf4 gxf4 44. Re1 Nf3+ 0-1